000 00665nam a2200265Ia 4500
005 20260121165858.0
008 008 260114s9999 xx 000 0 eng d
020 _a9783319335131
037 _aEBOOK
040 _aCRL
040 _beng
040 _cCRL
041 _2eng
041 _aeng
084 _qCRL
100 _aBen Wagner
_91057153
245 0 _aGlobal Free Expression - Governing the Boundaries of Internet Content
260 _bSpringer
260 _bSpringer
260 _c2016
856 _uhttps://link.springer.com/openurl?genre=book&isbn=978-3-319-33513-1
942 _cEBOOK
999 _c1622881
_d1622881